| 000 | 004900000a22001810004500 | ||
|---|---|---|---|
| 003 | MACL | ||
| 005 | 20160130133927.0 | ||
| 008 | 160130b xxu||||| |||| 00| 0 eng d | ||
| 040 |
_aMACL _cMACL |
||
| 041 | _aEnglish | ||
| 082 | _a820/BHA | ||
| 100 |
_aBhatnagar, M K _922056 |
||
| 245 |
_aTwentieth Century Literature in English _bVolume 3 |
||
| 260 |
_bAtlantic Publishers and Distributors _c2000 _aNew Delhi |
||
| 350 | _a375 | ||
| 650 |
_aLiterature _936037 |
||
| 942 |
_cBK _k820/BHA _2ddc |
||
| 999 |
_c31604 _d31604 |
||